000 00250nam a22001097a 4500
082 _aQRI
100 _aQriental Book social
245 _aPractical dictionary english to english urdu
260 _aLahore
_bOriental Book
300 _a673
942 _cBK
999 _c14298
_d14298